The hundred greatest stars (Record no. 15142)

MARC details
000 -LEADER
fixed length control field 00477nam a2200169Ia 4500
003 - CONTROL NUMBER IDENTIFIER
control field IN-BaIIA
008 - FIXED-LENGTH DATA ELEMENTS--GENERAL INFORMATION
fixed length control field 211028s9999 xx 000 0 eng d
020 ## - INTERNATIONAL STANDARD BOOK NUMBER
International Standard Book Number 0-387-95436-8
040 ## - CATALOGING SOURCE
Transcribing agency IIA Library
080 ## - UNIVERSAL DECIMAL CLASSIFICATION NUMBER
Universal Decimal Classification number 524.3
Item number KAL
100 ## - MAIN ENTRY--PERSONAL NAME
Personal name Kaler, James B.
9 (RLIN) 16275
245 #4 - TITLE STATEMENT
Title The hundred greatest stars
Statement of responsibility, etc. Kaler, James B
260 ## - PUBLICATION, DISTRIBUTION, ETC.
Place of publication, distribution, etc. New York
Name of publisher, distributor, etc. Copernicus Books
Date of publication, distribution, etc. 2002
300 ## - PHYSICAL DESCRIPTION
Extent xxvii, 213p.
650 ## - SUBJECT ADDED ENTRY--TOPICAL TERM
Topical term or geographic name entry element Stars
942 ## - ADDED ENTRY ELEMENTS (KOHA)
Koha item type Books
Holdings
Withdrawn status Lost status Damaged status Not for loan Home library Current library Shelving location Date acquired Source of acquisition Cost, normal purchase price Total Checkouts Full call number Barcode Date last seen Cost, replacement price Price effective from Koha item type Purchase Price
        IIA Library-Bangalore IIA Library-Bangalore General Stacks 28/06/2003 EDS 1655.04   524.3/ KAL 16064 05/11/2021 1655.04 28/06/2003 Books Rs. 1655.04

Powered by Koha